OLAP Solutions

Enregistré dans:
Détails bibliographiques
Auteur principal: Thomsen, Erik (Auteur)
Format: Livre
Langue:anglais
Publié: New York : John Wiley & Sons, 2002
Édition:2. vyd.
Sujets:
Tags: Ajouter un tag
Pas de tags, Soyez le premier à ajouter un tag!

MARC

LEADER 00000nam a22000003a 4500
001 stu80627
005 20190206124415.5
008 030528s2002----xxu-----------------eng-d
020 |a 0-471-40030-0 
040 |a STU  |b slo 
041 0 |a eng 
044 |a xxu 
080 |a 007+004  |7 stu_us_auth*stu8850 
100 1 |a Thomsen, Erik  |4 aut 
245 1 |a OLAP Solutions 
250 |a 2. vyd. 
260 |a New York :  |b John Wiley & Sons,  |c 2002 
300 |a 661 s 
650 7 |a OLAP  |2 stusub 
650 7 |a sklady dátové  |2 stusub 
650 7 |a systémy informačné multidimenzionálne  |2 stusub 
650 7 |a spracovanie analytické  |2 stusub 
996 |b 284M056644  |c M*11131-1  |l MMKN  |s A  |a 24  |w stu80627_0001